| 000 | 00812nam a2200229Ii 4500 | ||
|---|---|---|---|
| 003 | JO-AjNU | ||
| 008 | 230605s9999||||xx |||||||||||||| ||und|| | ||
| 017 | _a2000/7/2157 | ||
| 020 | _a9957-10-007-6 | ||
| 040 |
_aJO-AjNU _bara _erda _cJO-AjNU |
||
| 041 | _aara | ||
| 050 | 1 | 4 | _aBP144.L34 2000 |
| 100 | 3 |
_aاللحام، صالح بن عثمان بن عبد الحميد, _eauthor _911384 |
|
| 245 | 0 | 0 | _aأخبار القضاة : مجموعة قصص عن جماعة من خير قضاة الأمة |
| 250 | _aط1 | ||
| 264 | 3 | 1 | _aعمان: دار الحسن للنشر والتوزيع، 2000 |
| 300 | _a104ص | ||
| 336 |
_atext _btxt _2rdacontent |
||
| 337 |
_aunmediated _bn _2rdamedia |
||
| 338 |
_avolume _bnc _2rdacarrier |
||
| 650 | 4 |
_aالقضاة- تراجم- القضاء في الاسلام _911385 |
|
| 999 |
_aA2297 _c5865 _d5865 |
||